00493nam a2200193 a 4500001001300000003000900013005001700022008004100039020002300080082001600103100001600119245004100135260002500176300001000201500003500211505002100246650001600267700001600283nice12345678IN_TiNIC20260116013300.0050524s2000 dela grp 000 0 eng  a8172141 c25000a303.66bCHA aChandy, K K aPeace Culture Amidst Power Conflicts aDelhi bISPCK c2000 a468p. aincludes index and biblioraphy2 aScripture Index. aCaste-India1 aChandy, K K